000 00505nam a2200193Ia 4500
005 20250326145119.0
008 250326s9999 xx 000 0 und d
037 _aTextbook
040 _aFMSL
_beng
_cFMSL
041 _aeng
_2eng
084 _aS P7
_qFMSL
100 _aSingh R
245 0 _aPsychology of wellbeing
_cSingh R; Shyam R
260 _aNew Delhi
_bNew Delhi, Global Vision
_c2007
365 _b2000
650 _aManagement
942 _cTB
_hS P7
999 _c1306420
_d1306420